TV Show by Football Scene - Statistics

General Stats
  • This quiz has been taken 13 times
  • The average score is 14 of 16
Answer Stats
Picture Answer % Correct
Friends
100%
Sesame Street
100%
SpongeBob SquarePants
100%
The Simpsons
100%
Family Guy
92%
How I Met Your Mother
92%
Peanuts
92%
Seinfeld
92%
The Office
92%
Brooklyn Nine-Nine
83%
Modern Family
83%
It's Always Sunny in Philadelphia
75%
Key & Peele
75%
King of the Hill
67%
Married... with Children
58%
The Daily Show
50%
No matching quizzes found
Score Distribution
Percent of People with Each Score
Percentile by Number Answered
Your Score History
You have not taken this quiz